Statistics for Countries that use the Pound

Click here to take the quiz!

General Stats

  • This quiz has been taken 32 times
  • The average score is 3 of 6

Answer Stats

HintAnswer% Correct
EuropeUnited Kingdom
97%
AfricaEgypt
59%
AfricaSudan
45%
AfricaSouth Sudan
41%
AsiaLebanon
38%
AsiaSyria
28%

Score Distribution

Percentile by Number Answered

Percent of People with Each Score

Your Score History

You have not taken this quiz